000
00331nam a2200145Ia 4500
100
_a
Rappaport/Theodore S
250
_a
2
942
_c
BK
654
_a
wireless
245
_a
Wireless communication:Principles and practice
260
_b
Tata Mc Graw hill
_c
2002
082
_a
621.382
_b
RAP
300
_a
707
546
_a
ENGLISH
999
_c
23580
_d
23580